| 000 | 00539nam a2200193Ia 4500 | ||
|---|---|---|---|
| 003 | OSt | ||
| 005 | 20230626114417.0 | ||
| 008 | 210423s9999 xx 000 0 und d | ||
| 040 | _cAL | ||
| 041 | _aeng | ||
| 082 |
_a420.02 _223 _bANAS |
||
| 100 |
_aANAND (Shyam). _995255 |
||
| 245 | _aUGC NET/ JRF/SET: english literature paper-11&111. | ||
| 260 |
_bVee Kumar Publications _aNew Delhi _c2013 |
||
| 300 |
_a464 _bPB |
||
| 365 |
_b395 _cINR |
||
| 906 | _aenglish ; JRF/SET: ; literature ; NET/ ; paper-11&111. ; UGC | ||
| 942 |
_2ddc _cBK |
||
| 999 |
_c161348 _d161348 |
||